000 00513nam a2200169 i 4500
003 DO-SdBNP
005 20231113145721.0
006 a||||gr|||| 00| 0
007 ta
008 231113b dr ||||| |||| 00| 0 spa d
040 _aDO-SdBNP
_bspa
_cBNPHU
_erda
082 4 _222
_bC364e
100 1 _aCastillo, Luis C. del,
_955305
_eautor
245 1 0 _aProlegomenos de enseñanza civica. /
_cLuis C. del Castillo
264 _aSantiago de los Caballeros, República Dominicana :
_bManuel Tavares S.
942 _2ddc
_cLBS1
999 _c55482
_d55482